000 01644cam a2200457 i 4500
001 data
008 data
005 20260322212109.0
010 _a 2023401562
020 _a9783732907892
_qprint)
_qprint)
020 _a3732907899
_qprint)
_qprint)
020 _z9783732991761
_qe-book)
_qe-book)
035 _a(OCoLC)1370904386
040 _aSTF
_beng
_erda
_cSTF
_dDLC
_dOCLCF
_dOCLCO
_dOCLCQ
_dDLC
042 _apcc
050 0 0 _aBS450
_b.R44 2022
245 0 0 _a(Re)Gained in translation /
_cSabine Dievenkorn, Shaul Levin (eds.).
246 3 _aGained in translation
264 1 _aBerlin :
_bFrank & Timme,
_c[2022]-
300 _avolumes ;
_c21 cm
336 _atext
_btxt
_2rdacontent
337 _aunmediated
_bn
_2rdamedia
338 _avolume
_bnc
_2rdacarrier
490 1 _aTransÜD,
_x1438-2636 ;
_vBand 133
504 _aIncludes bibliographical references.
505 1 _aI. Bibles, theologies, and the politics of empowerment
630 0 0 _aBible
_xTranslating.
630 0 0 _aBible
_xVersions.
630 0 6 _aBible
_xTraduction.
630 0 6 _aBible
_xVersions.
630 0 7 _aBible
_2fast
700 1 _aDievenkorn, Sabine,
_eeditor.
700 1 _aLevin, Shaul
_c(Translator),
_eeditor.
830 0 _aTransÜD ;
_vBd. 133.
856 4 2 _3Volume 1, Full table of contents
_uhttps://d-nb.info/1264362153/04
906 _a7
_bcbc
_cpccadap
_d2
_encip
_f20
_gy-gencatlg
923 _d20221117
_n0292430
_sGyWOH
_tv. 1
925 0 _aacquire
_b1 shelf copy
_xpolicy default
985 _ePCSC contract
999 _c1611
_d1611